| 000 | 00994cam a22003257a 4500 | ||
|---|---|---|---|
| 003 | CHAP | ||
| 005 | 20220817044018.0 | ||
| 008 | 980930d1996 it a r 11 fre d | ||
| 010 | _a90014 | ||
| 011 | _a90986 | ||
| 020 | _a925204387 X | ||
| 035 | _a101543 | ||
| 040 | _cCHAP | ||
| 082 | 0 | 4 |
_a631.4 _bF3f |
| 110 | 2 | _aFAO | |
| 245 | 1 | 0 |
_aGestion des programmes de terrain : _balimentation, nutrition et développement _c/par FAO |
| 260 |
_aRome : _bFAO, _c2002. |
||
| 300 |
_a253 p. : _bilus. |
||
| 590 |
_aBATCH-UPD _b10 _c20130110 _lUCH01 _h0833 |
||
| 590 |
_aBATCH-UPD _b10 _c20130410 _lUCH01 _h0511 |
||
| 590 |
_aBATCH-UPD _b10 _c20130914 _lUCH01 _h0255 |
||
| 590 |
_aCONVERSION _b10 _c20130109 _lUCH01 _h1350 |
||
| 650 | 1 | 4 |
_aAlimentación. _94109 |
| 650 | 1 | 4 |
_aNutrición. _982246 |
| 650 | 1 | 4 |
_aTierras _xAprovechamiento _xTrópicos. _9113088 |
| 901 | _aBK | ||
| 905 | _aMayto Villalobos Santana | ||
| 942 | _cLIBRO | ||
| 949 |
_a631.4 F3f _bBC _cFAO _d33724000915245 _eFAO1 _h105157 _i101543 _sb |
||
| 999 |
_c90014 _d90014 |
||